| LEADER |
01164nam0a2200229 450 |
| 001 |
16864295 |
| 010 |
|
|
|a 978-2-344-02610-6
|b cart.
|d 16,95
|
| 100 |
|
|
|a 20171229d2018 u u0frey01 ba
|
| 101 |
0 |
|
|a fre
|
| 102 |
|
|
|a FR
|
| 200 |
0 |
|
|a Nos incroyables animaux marins
|f textes et illustrations Yuval Zommer
|g spécialiste Barbara Taylor
|
| 207 |
|
1 |
|a
|
| 210 |
|
|
|a Grenoble
|c Glénat Jeunesse
|d 2018
|
| 215 |
|
|
|a 1 vol. (64 p.)
|c illustrations en couleur
|d 35 cm
|
| 330 |
|
|
|a Une plongée ludique et éducative pour découvrir l'univers des animaux marins. Cet album met à l'honneur de larges illustrations détaillées auxquelles se mêlent de nombreuses informations et anecdotes détaillant les différentes espèces sous-marines et leur capacité à respirer sous l'eau ou encore les interactions entre les animaux qui partagent le même habitat. Electre 2018
|
| 606 |
0 |
|
|a Animaux marins
|x Ouvrages pour la jeunesse
|
| 676 |
|
|
|a 591.7
|
| 700 |
|
0 |
|a Zommer
|b Yuval
|4 70
|
| 701 |
|
0 |
|a Taylor
|b Barbara
|4 540
|
| 900 |
|
|
|a Documentaire
|
| 901 |
|
|
|a Jeunesse
|
| 995 |
|
|
|a Médiathèque
|c Médiathèque
|f 00156012334207
|h 00156012334207
|k E 591.7 ZOM
|o p
|q j
|r az
|e Médiathèque
|